[Event "Angers op 1st"]
[Site "Angers"]
[Date "2006.05.08"]
[Round "5"]
[White "Alard, Pierre"]
[Black "Gilbert, Alphonse"]
[Result "1-0"]
[WhiteElo "1953"]
[BlackElo "1700"]
[PlyCount "98"]
[EventDate "2006.05.06"]
[EventType "swiss"]
[EventRounds "6"]
[EventCountry "FRA"]
[SourceTitle "EXT 2007"]
[Source "ChessBase"]
[SourceDate "2006.11.23"]
[SourceVersion "1"]
[SourceVersionDate "2006.11.23"]
[SourceQuality "1"]

1. d4 Nf6 2. c4 c5 3. d5 e6 4. Nc3 exd5 5. cxd5 d6 6. e4 g6 7. Bd3 a6 8. a4 Bg7 9. Nge2 Bg4 10. f3 Bd7 11. 0-0 0-0 12. h3 b5 13. axb5 Qb6 14. Be3 Qb7 15. Qd2 Ne8 16. Bh6 Nc7 17. Bxg7 Kxg7 18. bxa6 Nbxa6 19. Qf4 Nb4 20. Bc4 Qb6 21. e5 dxe5 22. Qxe5+ f6 23. Qg3 Rxa1 24. Rxa1 Nc2 25. Re1 Ne3 26. b3 Nxc4 27. bxc4 Re8 28. Rb1 Qa7 29. Qd6 Bf5 30. Rb6 Nxd5 31. cxd5 Qe7 32. Qxe7+ Rxe7 33. Rc6 c4 34. Kf2 Bd3 35. d6 Rd7 36. Rc7 Rxc7 37. dxc7 Bf5 38. Ke3 Kf7 39. Kd4 Be6 40. Nf4 Bc8 41. Kxc4 Ke8 42. Ncd5 f5 43. Nf6+ Ke7 44. Nxh7 Kd6 45. Nd5 Be6 46. Nhf6 Kc6 47. f4 Kd6 48. Kd4 Bxd5 49. Nxd5 Kd7 1-0

[Event "Angers op 1st"]
[Site "Angers"]
[Date "2006.05.06"]
[Round "2"]
[White "Le Nezet, Thierry"]
[Black "Gilbert, Alphonse"]
[Result "1-0"]
[WhiteElo "1980"]
[BlackElo "1700"]
[PlyCount "53"]
[EventDate "2006.05.06"]
[EventType "swiss"]
[EventRounds "6"]
[EventCountry "FRA"]
[SourceTitle "EXT 2007"]
[Source "ChessBase"]
[SourceDate "2006.11.23"]
[SourceVersion "1"]
[SourceVersionDate "2006.11.23"]
[SourceQuality "1"]

1. e4 c5 2. c3 Nc6 3. d4 cxd4 4. cxd4 d5 5. Nc3 dxe4 6. d5 Ne5 7. Qa4+ Bd7 8. Qxe4 Ng4 9. Bc4 N8f6 10. Qe2 a6 11. a4 Rc8 12. Nf3 g6 13. h3 Qc7 14. b3 Qa5 15. Bd2 Bh6 16. 0-0 Bxd2 17. Qxd2 Nh6 18. Qxh6 Qxc3 19. Rac1 Qb2 20. Rfe1 Nxd5 21. Bxd5 Rc2 22. Rxc2 Qxc2 23. Qg7 Rf8 24. Ne5 Be6 25. Bxb7 Bd7 26. Nxd7 Qc7 27. Nf6+ 1-0